[Event "Bremen Silvester op-A"]
[Site "Bremen"]
[Date "2022.12.29"]
[Round "6"]
[White "Schiller, Jan Hendrik"]
[Black "Roth, Thorsten"]
[Result "0-1"]
[WhiteElo "1879"]
[BlackElo "2082"]
[PlyCount "80"]
[EventDate "2022.12.27"]
[EventType "swiss"]
[EventRounds "7"]
[EventCountry "GER"]
[SourceTitle "CBM 211 Extra"]
[Source "ChessBase"]
[SourceDate "2023.01.31"]
[SourceVersion "1"]
[SourceVersionDate "2023.01.31"]
[SourceQuality "1"]

1. Nf3 d5 2. g3 c6 3. Bg2 Bg4 4. c4 e6 5. Qb3 Qb6 6. Qc2 Nd7 7. b3 Ngf6 8. 0-0 Be7 9. d3 0-0 10. Bb2 Rfe8 11. Nbd2 Bf8 12. Rab1 a5 13. Bc3 e5 14. e3 e4 15. dxe4 dxe4 16. Nd4 c5 17. Nb5 Be2 18. Nxe4 Bxf1 19. Rxf1 Rad8 20. Nxf6+ Nxf6 21. Qb2 Rd7 22. Bh3 Rdd8 23. Be5 Re7 24. Bf5 Ne8 25. Bf4 g6 26. Bh3 Bg7 27. Qc2 f5 28. Bg2 Qf6 29. Bd5+ Kh8 30. h4 h6 31. Qe2 g5 32. hxg5 hxg5 33. Kg2 gxf4 34. Rh1+ Bh6 35. Qh5 Kg7 36. Rh3 fxe3 37. fxe3 Qg5 38. Qf3 Rxe3 39. Qd1 Nf6 40. Nc7 Rd7 0-1

[Event "Niedersachsen-ch op A"]
[Site "Verden"]
[Date "2019.01.05"]
[Round "5"]
[White "Schmidt, Dennis"]
[Black "Roth, Thorsten"]
[Result "1/2-1/2"]
[WhiteElo "2018"]
[BlackElo "2056"]
[PlyCount "29"]
[EventDate "2019.01.03"]
[EventType "swiss"]
[EventRounds "7"]
[EventCountry "GER"]
[SourceTitle "EXT 2022"]
[Source "ChessBase"]
[SourceDate "2021.10.06"]
[SourceVersion "1"]
[SourceVersionDate "2021.10.06"]
[SourceQuality "1"]

1. e4 e5 2. Nc3 Nf6 3. Bc4 Nc6 4. d3 Na5 5. a3 Nxc4 6. dxc4 d6 7. Qd3 Be6 8. Nf3 Be7 9. h3 h6 10. Be3 Nd7 11. b3 c6 12. Nd5 Bf8 13. Nc3 Be7 14. Nd5 Bf8 15. Nc3 1/2-1/2

[Event "Niedersachsen-ch op A"]
[Site "Verden"]
[Date "2019.01.04"]
[Round "3"]
[White "Lehmkuhl, Stefan"]
[Black "Roth, Thorsten"]
[Result "0-1"]
[WhiteElo "1825"]
[BlackElo "2056"]
[PlyCount "86"]
[EventDate "2019.01.03"]
[EventType "swiss"]
[EventRounds "7"]
[EventCountry "GER"]
[SourceTitle "EXT 2022"]
[Source "ChessBase"]
[SourceDate "2021.10.06"]
[SourceVersion "1"]
[SourceVersionDate "2021.10.06"]
[SourceQuality "1"]

1. d3 d5 2. c3 e5 3. e4 Nf6 4. exd5 Qxd5 5. Qb3 c5 6. Nf3 Nc6 7. Be2 Qxb3 8. axb3 Nd5 9. Na3 Be7 10. Nc4 f6 11. 0-0 0-0 12. Re1 Bf5 13. Ne3 Nxe3 14. fxe3 e4 15. Nh4 Be6 16. dxe4 Bxb3 17. Nf5 Rfe8 18. Bd1 Bxd1 19. Rxd1 Ne5 20. b3 c4 21. bxc4 Bc5 22. Ba3 Bxa3 23. Rxa3 Nxc4 24. Rb3 g6 25. Ng3 b6 26. Kf2 a5 27. Rd4 a4 28. Rb1 Rec8 29. Ne2 a3 30. Nc1 Rc7 31. Na2 Kf7 32. Ke2 Ke6 33. Kd3 Rac8 34. Rb4 Ne5+ 35. Kc2 Rc6 36. Rb3 Nc4 37. Kd3 Rc5 38. Rb4 b5 39. Rd5 Ne5+ 40. Kc2 Ng4 41. Kb3 Nxe3 42. Rxc5 Rxc5 43. Kxa3 Nc2+ 0-1

[Event "Niedersachsen-ch op A"]
[Site "Verden"]
[Date "2019.01.03"]
[Round "1"]
[White "Evering, Soeren"]
[Black "Roth, Thorsten"]
[Result "0-1"]
[WhiteElo "1921"]
[BlackElo "2056"]
[PlyCount "146"]
[EventDate "2019.01.03"]
[EventType "swiss"]
[EventRounds "7"]
[EventCountry "GER"]
[SourceTitle "EXT 2022"]
[Source "ChessBase"]
[SourceDate "2021.10.06"]
[SourceVersion "1"]
[SourceVersionDate "2021.10.06"]
[SourceQuality "1"]

1. e4 d5 2. exd5 Qxd5 3. Nc3 Qa5 4. d4 c6 5. Nf3 Bf5 6. Bc4 e6 7. 0-0 Nf6 8. a3 Bd6 9. Re1 0-0 10. Qe2 b5 11. Bd3 Bxd3 12. Qxd3 Nbd7 13. Ne5 Qc7 14. Qf3 Nxe5 15. dxe5 Bxe5 16. h3 a5 17. Be3 Nd5 18. Bc5 Bd6 19. Bxd6 Qxd6 20. Rad1 Rad8 21. Nxd5 exd5 22. Qc3 a4 23. b3 axb3 24. cxb3 Rfe8 25. b4 Rxe1+ 26. Rxe1 d4 27. Qd3 Qd5 28. f3 g6 29. Kf2 Kf8 30. Re4 f5 31. Re2 Kf7 32. h4 Qc4 33. Qd2 d3 34. Re1 Qxh4+ 35. Kf1 Qc4 36. Rc1 Qd5 37. Rc5 Qe6 38. Rc3 Rd6 39. Kf2 Qd5 40. Kf1 Qd4 41. Rb3 f4 42. Rc3 Qe3 43. Qe1 Re6 44. Qd1 Qe2+ 45. Qxe2 dxe2+ 46. Ke1 g5 47. a4 bxa4 48. Ra3 Ke7 49. Rxa4 Kd6 50. Ra2 h6 51. Rd2+ Kc7 52. Rc2 Kb6 53. Rc5 Re3 54. Rf5 Rb3 55. Rf6 Rxb4 56. Kxe2 Rb2+ 57. Kf1 Rd2 58. Rxh6 Kb5 59. Rf6 Rd5 60. Re6 c5 61. Ke1 c4 62. Re8 c3 63. Rb8+ Ka4 64. Ra8+ Kb3 65. Rc8 c2 66. Rb8+ Ka2 67. Ra8+ Kb2 68. Rb8+ Kc1 69. Re8 Rd1+ 70. Ke2 Kb2 71. Rb8+ Ka3 72. Ra8+ Kb4 73. Rb8+ Ka5 0-1

[Event "Kiel op 28th"]
[Site "Kiel"]
[Date "2015.07.29"]
[Round "7"]
[White "Bracker, Arne"]
[Black "Roth, Thorsten"]
[Result "0-1"]
[WhiteElo "2256"]
[BlackElo "2083"]
[PlyCount "60"]
[EventDate "2015.07.25"]
[EventType "swiss"]
[EventRounds "9"]
[EventCountry "GER"]
[SourceTitle "CBM 167 Extra"]
[Source "ChessBase"]
[SourceDate "2015.09.14"]
[SourceVersion "1"]
[SourceVersionDate "2015.09.14"]
[SourceQuality "1"]

1. d4 d5 2. c4 dxc4 3. Nf3 Nf6 4. e3 e6 5. Bxc4 c5 6. 0-0 a6 7. a4 Nc6 8. Qe2 Be7 9. Rd1 Qc7 10. Nc3 0-0 11. dxc5 Bxc5 12. b3 Na5 13. Bb2 Be7 14. Nd2 Rd8 15. Rac1 Bd7 16. Bd3 Qb6 17. Nce4 Nxe4 18. Nxe4 f5 19. Bd4 Qb4 20. Nc5 Rac8 21. Nxd7 Rxc1 22. Rxc1 Rxd7 23. Rc8+ Rd8 24. Bc5 Qc3 25. Rxd8+ Bxd8 26. b4 Nb3 27. Bd6 Nc1 28. Qh5 g6 29. Qh6 Qe1+ 30. Bf1 Ne2+ 0-1